| Tag |
First Indicator |
Second Indicator |
Subfields |
| LEADER |
00000cam a2200000 4500 |
| 001 |
in00000047194 |
| 005 |
20151007065456.0 |
| 008 |
740111s1973 nyu 00011 eng |
| 010 |
|
|
|a 73011899
|
| 020 |
|
|
|a 0385095805
|c $6.95
|
| 035 |
|
|
|a (OCoLC)00776389
|
| 035 |
|
|
|9 AAE2065AM
|
| 040 |
|
|
|a DLC
|c DLC
|d TXA
|d UtOrBLW
|
| 049 |
|
|
|a TXAM [Also in] [Sp Coll]
|c 1 [1336469]
|a TXAS
|c 2 [1101467]
|
| 050 |
0 |
0 |
|a PZ3.S8743
|b D39
|a PR6037.T617
|
| 082 |
0 |
|
|a 823/.8
|
| 100 |
1 |
|
|a Stoker, Bram,
|d 1847-1912.
|
| 245 |
1 |
0 |
|a Dracula /
|c by Bram Stoker. Frankenstein; (or, The modern Prometheus), by Mary Shelley.
|
| 264 |
|
1 |
|a Garden City, N.Y. :
|b Doubleday,
|c 1973.
|
| 300 |
|
|
|a xiii, 655 pages ;
|c 22 cm.
|
| 336 |
|
|
|a text
|b txt
|2 rdacontent
|
| 337 |
|
|
|a unmediated
|b n
|2 rdamedia
|
| 338 |
|
|
|a volume
|b nc
|2 rdacarrier
|
| 700 |
1 |
2 |
|a Shelley, Mary Wollstonecraft,
|d 1797-1851.
|t Frankenstein. 1973.
|
| 740 |
0 |
|
|a Frankenstein.
|
| 999 |
|
|
|a MARS
|
| 999 |
f |
f |
|s 47cd396d-38dd-31e7-bec4-c65f11a21e6b
|i 52461367-83e2-3ba6-96c5-613ed08a4943
|t 0
|
| 952 |
f |
f |
|p noncirc
|a Texas A&M University
|b College Station
|c Cushing Memorial Library & Archives
|s cush scif
|d Cushing: Science Fiction (Does not check out)
|t 0
|e PZ3.S8743 D39
|h Library of Congress classification
|i unmediated -- volume
|m A14800429120
|
| 998 |
f |
f |
|a PZ3.S8743 D39
|t 0
|l Cushing: Science Fiction (Does not check out)
|